Statistics for Полнометражные мультфильмы Дисней

Click here to take the quiz!

General Stats

  • This quiz has been taken 1 942 times
  • The average score is 12 of 60

Answer Stats

ГодФильм% Correct
1950Золушка
75%
2010Рапунцель: Запутанная история
70%
1991Красавица и Чудовище
62%
2013Холодное сердце
60%
1989Русалочка
60%
1937Белоснежка и семь гномов
55%
1959Спящая красавица
53%
2016Моана
49%
1998Мулан
47%
1994Король Лев
41%
2012Ральф
41%
1995Покахонтас
31%
2021Энканто
27%
2019Холодное сердце 2
27%
1942Бэмби
24%
1992Аладдин
24%
2009Принцесса и лягушка
24%
2016Зверополис
21%
1955Леди и Бродяга
21%
1941Дамбо
20%
1961101 далматинец
20%
1940Пиноккио
18%
2002Лило и Стич
17%
1999Тарзан
17%
2018Ральф против интернета
17%
1967Книга джунглей
16%
1997Геркулес
16%
1953Питер Пэн
15%
1951Алиса в Стране чудес
14%
2014Город героев
14%
1973Робин Гуд
13%
2008Вольт
12%
1981Лис и пёс
11%
2001Атлантида: Затерянный мир
11%
1996Горбун из Нотр-Дама
10%
1940Фантазия
10%
1970Коты-аристократы
10%
2021Райя и последний дракон
9%
2003Братец медвежонок
8%
2002Планета сокровищ
8%
1963Меч в камне
7%
2000Похождения императора
7%
1977Спасатели
5%
1985Чёрный котёл
5%
1977Приключения Винни
4%
2000Динозавр
4%
1944Три кабальеро
4%
1988Оливер и компания
4%
1999Фантазия 2000
4%
2005Цыплёнок Цыпа
3%
2004Не бей копытом
3%
1947Весёлые и беззаботные
3%
1990Спасатели в Австралии
3%
1942Салют, друзья!
3%
2007В гости к Робинсонам
3%
1986Великий мышиный сыщик
3%
2011Медвежонок Винни и его друзья
3%
1948Время мелодий
3%
1949Приключения Икабода и мистера Тоада
2%
1946Сыграй мою музыку
2%

Score Distribution

Percentile by Number Answered

Percent of People with Each Score

Your Score History

You have not taken this quiz